[Event "Grand Prix Moscow 2019"]
[Site "Moscow"]
[Date "2019.05.20"]
[Round "2.1"]
[White "Nakamura, Hikaru"]
[Black "Dubov, Daniil"]
[Result "1/2-1/2"]
[WhiteElo "2761"]
[BlackElo "2690"]
[Annotator "TA"]
[PlyCount "55"]
[EventDate "2019.05.17"]
[EventType "k.o."]
[EventCountry "RUS"]
[SourceTitle "playchess.com"]
[Source "ChessBase"]
[SourceQuality "1"]

{[%evp 16,55,17,39,37,33,33,33,35,29,24,41,34,30,44,61,55,55,60,57,45,46,46,45,48,47,59,60,61,3,3,3,2,2,2,3,3,3,12,-27,11,26]} 1. c4 Nf6 2. Nc3 c5 3. g3 e6 4. Nf3 d5 5. cxd5 exd5 6. d4 Nc6 7. Bg2 cxd4 8. Nxd4 Bc5 9. Nb3 Bb6 {D33: Tarrasch Defence: 6 g3 sidelines} 10. O-O ({But not} 10. Bxd5 Nb4 $15) 10... d4 11. Na4 $1 O-O {White is slightly better.} 12. Bg5 Re8 13. Nxb6 axb6 14. e3 (14. Re1 Be6 15. Nc1 h6 16. Bxf6 Qxf6 17. Nd3 Rxa2 18. Rxa2 Bxa2 19. Qa4 Be6 {½-½ (19) Mareco,S (2592)-Pichot,A (2424) Saenz Pena 2014}) 14... d3 $146 ({Predecessor:} 14... dxe3 15. Bxe3 Bd7 16. Re1 h6 17. h3 {½-½ (37) Anikeev,V (2269)-Tieken,F (2178) ICCF email 2016}) 15. Bxf6 gxf6 16. a3 Be6 17. Rc1 Rc8 18. Rc3 Ne5 19. Nd4 Rxc3 20. bxc3 Qc7 21. Qd2 $1 Bd7 22. Re1 (22. Bd5 $14) 22... Rc8 $11 23. Rc1 $1 Qc5 24. f4 Nc4 25. Qxd3 Qxa3 26. Rb1 Nd6 27. Ne2 (27. Rxb6 $2 Rxc3 28. Qe2 Rxe3 $19) 27... Bf5 28. e4 {Accuracy: White = 81%, Black = 93%.} 1/2-1/2

[Event "Grand Prix Moscow 2019"]
[Site "Moscow"]
[Date "2019.05.20"]
[Round "2.1"]
[White "Svidler, Peter"]
[Black "Wojtaszek, Radoslaw"]
[Result "1/2-1/2"]
[WhiteElo "2739"]
[BlackElo "2724"]
[Annotator "TA"]
[PlyCount "39"]
[EventDate "2019.05.17"]
[EventType "k.o."]
[EventCountry "RUS"]
[SourceTitle "playchess.com"]
[Source "ChessBase"]
[SourceQuality "1"]

{[%evp 9,39,28,28,18,17,11,12,11,11,14,7,12,14,11,7,18,-2,8,11,0,9,0,0,7,8,0,58,-27,18,25,25,0]} 1. e4 c5 2. Nf3 d6 3. Bb5+ Nd7 4. O-O a6 5. Bd3 Ngf6 6. Re1 {B51: Sicilian: Moscow Variation (3 Bb5+) without 3...Bd7} e6 7. a4 b6 8. c3 {The position is equal.} Bb7 9. Na3 Qc7 10. Qe2 Be7 11. Bb1 O-O (11... e5 12. d4 cxd4 13. cxd4 exd4 14. Nxd4 {½-½ (42) Jakovenko,D (2719)-Ding,L (2809) Shenzhen 2019}) 12. d4 Bc6 $146 ({Predecessor:} 12... Rfc8) 13. Bd3 Qb7 14. Bg5 {Threatening e5.} h6 ({Not} 14... Bxa4 $2 15. e5 $18) 15. Bh4 cxd4 (15... Bxa4 $2 16. e5 $18) 16. cxd4 Rfe8 ({Wrong is} 16... Bxa4 $2 17. e5 $18) 17. Nc2 a5 (17... b5 $11) 18. b4 ({Better is} 18. Na3 $14) 18... Qa7 19. Nd2 Rac8 20. Bg3 {Accuracy: White = 58%, Black = 79%.} 1/2-1/2

[Event "Grand Prix Moscow 2019"]
[Site "Moscow"]
[Date "2019.05.20"]
[Round "2.1"]
[White "Wei, Yi"]
[Black "Nepomniachtchi, Ian"]
[Result "1/2-1/2"]
[WhiteElo "2736"]
[BlackElo "2773"]
[Annotator "TA"]
[PlyCount "62"]
[EventDate "2019.05.17"]
[EventType "k.o."]
[EventCountry "RUS"]
[SourceTitle "playchess.com"]
[Source "ChessBase"]
[SourceQuality "1"]

{[%evp 13,62,9,2,10,20,15,35,35,31,27,26,29,34,22,25,20,22,28,45,0,25,12,23,-4,0,0,0,-18,0,0,0,0,0,0,0,0,3,4,4,0,0,0,0,0,0,0,0,0,0,0,0]} 1. e4 c5 2. Nf3 d6 3. Bb5+ Nd7 4. d4 cxd4 5. Qxd4 a6 6. Bxd7+ Bxd7 7. Nc3 e5 8. Qd3 {B51: Sicilian: Moscow Variation (3 Bb5+) without 3...Bd7} h6 9. Nd2 Rc8 10. Nc4 {White is slightly better.} Be6 11. Ne3 Nf6 12. O-O Be7 13. a4 O-O 14. a5 Qd7 15. Bd2 {[#]} Bd8 $146 ({Predecessor:} 15... Rfd8) 16. Ncd5 Nxd5 17. exd5 Bg4 $1 18. f4 exf4 {The position is equal.} 19. Nxg4 Qxg4 20. Bxf4 Re8 21. Rf3 Bf6 22. c3 Be5 23. h3 Qh4 24. Ra4 Bxf4 25. Raxf4 Qe1+ 26. Rf1 Qe2 $1 {[%cal Re2d3]} 27. Qxe2 Rxe2 28. Rb4 Rc7 29. Rf2 Re1+ 30. Rf1 Re2 31. Rf2 Re1+ {Accuracy: White = 78%, Black = 62%.} 1/2-1/2

[Event "Grand Prix Moscow 2019"]
[Site "Moscow"]
[Date "2019.05.21"]
[Round "2.2"]
[White "Nepomniachtchi, Ian"]
[Black "Wei, Yi"]
[Result "1/2-1/2"]
[WhiteElo "2773"]
[BlackElo "2736"]
[Annotator "TA"]
[PlyCount "135"]
[EventDate "2019.05.17"]
[EventType "k.o."]
[EventCountry "RUS"]
[SourceTitle "playchess.com"]
[Source "ChessBase"]
[SourceQuality "1"]

{[%evp 23,135,21,31,13,20,13,77,60,69,72,66,77,50,56,55,63,65,58,62,61,75,65,82,82,82,82,85,85,83,84,82,73,75,75,75,75,73,57,53,49,49,50,50,45,75,75,93,93,112,112,112,112,112,112,112,112,112,112,112,76,112,76,112,74,74,67,67,67,67,67,67,67,67,0,67,67,67,67,67,67,67,67,67,67,67,67,67,67,67,67,67,67,67,67,67,0,0,0,0,0,0,0,0,0,0,0,0,0,0,0,0,0,0,0]} 1. e4 e5 2. Nf3 Nc6 3. Bb5 a6 4. Ba4 Nf6 5. O-O Nxe4 6. d4 b5 7. Bb3 d5 8. dxe5 Be6 9. Nbd2 Be7 10. c3 O-O 11. Bc2 f5 12. exf6 Nxf6 13. Re1 {C83: Open Ruy Lopez: 9 c3 Be7} (13. Nb3 Bg4 14. Qd3 Qd7 15. Nbd4 Nxd4 16. cxd4 Bxf3 17. Qxf3 g6 18. Qd3 Bd6 19. f3 Nh5 20. Bh6 Rf7 21. Qd2 {½-½ (54) Anton Guijarro,D (2627)-Vidit,S (2658) Martuni 2016}) 13... Qd7 {[#]} 14. a4 $146 ({Predecessor:} 14. Nf1 Rae8 15. Ng5 Bf5 16. Bxf5 Qxf5 17. Ne6 Ng4 18. Nxf8 Bc5 19. Be3 Bxe3 20. fxe3 Rxf8 {1-0 (37) Baramidze,D (2542)-L'Ami,E (2541) Germany 2006}) 14... Bf5 (14... b4 $11 {remains equal.}) 15. Bxf5 $16 {White is better.} Qxf5 16. axb5 axb5 17. Rxa8 $1 Rxa8 18. Nf1 Qd7 19. Bg5 Rd8 20. Ng3 h6 21. Bxf6 Bxf6 {[#]} 22. Nh5 $1 Qf5 23. Nxf6+ Qxf6 24. Qb3 b4 25. cxb4 Nd4 26. Nxd4 Qxd4 {[%mdl 4096] Endgame KQR-KQR} 27. Rd1 Qe5 28. g3 Kh8 29. Qc3 d4 30. Qd3 c6 31. b3 Qd6 32. Rc1 Rb8 33. h4 Rxb4 {[#]} 34. Qa6 $1 Rb8 35. Rxc6 Qd5 36. Rc8+ Rxc8 37. Qxc8+ {KQ-KQ} Kh7 38. Qc4 Qf3 39. Qxd4 {Threatens to win with b4.} Qxb3 40. Qe4+ Kh8 41. Kg2 Qf7 42. g4 Qf6 43. Kg3 g5 44. hxg5 (44. Qe8+ {seems wilder.} Kh7 45. Qd7+ Kh8 46. Qc8+ Kg7 47. Qc7+) 44... hxg5 45. Qf5 (45. f3 {keeps more tension.} Qd6+ 46. Kg2 Kg7 47. Qe2 Kf7 48. Qc4+) 45... Qe7 46. Kf3 Kg7 47. Qe4 Qf6+ 48. Qf5 Qe7 49. Qd5 Qf6+ 50. Ke2 Qb2+ 51. Qd2 Qb5+ 52. Qd3 Qb2+ 53. Kf1 Qc1+ 54. Kg2 Qc6+ 55. f3 Qe6 56. Qd4+ Qf6 57. Qb4 Qe5 58. Kf2 Kf7 59. Qe4 (59. Qc4+ $14 Kg7 60. Qe4 Qb2+ 61. Qe2 Qd4+ 62. Kg2) 59... Qb2+ $11 {The position is equal.} 60. Ke3 {And now Qf5+ would win.} Qc3+ 61. Ke2 Qb2+ 62. Kd3 {aiming for Qf5+.} Qb3+ 63. Kd4 {Black must now prevent Qd5+.} Qb4+ 64. Ke5 Qb2+ $1 65. Qd4 Qe2+ 66. Qe4 Qb2+ 67. Qd4 Qe2+ 68. Qe4 {Accuracy: White = 74%, Black = 69%.} 1/2-1/2

[Event "Grand Prix Moscow 2019"]
[Site "Moscow"]
[Date "2019.05.21"]
[Round "2.2"]
[White "So, Wesley"]
[Black "Grischuk, Alexander"]
[Result "1/2-1/2"]
[WhiteElo "2754"]
[BlackElo "2772"]
[Annotator "TA"]
[PlyCount "136"]
[EventDate "2019.05.17"]
[EventType "k.o."]
[EventCountry "RUS"]
[SourceTitle "playchess.com"]
[Source "ChessBase"]
[SourceQuality "1"]

{[%evp 28,136,27,14,0,0,37,39,29,0,0,0,0,0,0,0,15,25,23,20,16,16,16,15,28,14,14,16,16,20,16,0,0,0,5,5,20,0,12,12,12,12,27,12,26,26,72,72,72,72,72,72,72,70,72,70,72,63,63,63,71,63,63,63,63,63,63,63,63,8,63,63,63,63,63,0,63,63,63,63,63,63,63,63,63,63,63,0,63,0,63,63,63,63,63,63,63,63,63,63,63,63,63,63,63,0,72,0,0,0,72]} 1. e4 c5 2. Nf3 Nc6 3. d4 cxd4 4. Nxd4 Nf6 5. Nc3 e5 6. Ndb5 d6 7. Bg5 a6 8. Na3 b5 9. Nd5 Be7 10. Bxf6 Bxf6 11. c3 Bg5 12. Nc2 Rb8 13. Be2 O-O 14. O-O a5 15. Na3 Na7 {B33: Sicilian: Pelikan and Sveshnikov Variations} (15... Ba6 16. Qb3 Na7 17. Rad1 Qd7 18. Rfe1 Kh8 19. Nc2 Nc6 20. Nce3 Rfd8 21. Nf5 a4 22. Qc2 g6 23. h4 {½-½ (57) Sethuraman,S (2640)-Safarli,E (2688) Baku 2016}) 16. Qd3 Kh8 17. Rfd1 Be6 {White is slightly better.} 18. Ne3 $146 ({Predecessor:} 18. Nc2 f5 19. Bf3 g6 20. Qe2 Nc8 {½-½ (21) Morovic Fernandez,I (2450)-Szmetan,J (2380) Corrientes 1985}) 18... b4 19. Nac4 Nb5 20. cxb4 axb4 21. Nxd6 Nxd6 22. Qxd6 Bxe3 23. Qxd8 $1 Rfxd8 24. fxe3 Rdc8 25. Rd2 g6 26. Kf2 Kg7 27. Bd1 Ra8 28. a4 bxa3 29. Rxa3 Rab8 30. Ra5 Rc4 31. Rxe5 Rcb4 32. Ra5 Rxb2 33. Rxb2 Rxb2+ $11 {[%mdl 4096] Endgame KRB-KRB} 34. Kg3 h6 35. h4 Bd7 (35... Rb1 {with more complications.} 36. Bf3 Rc1 37. Ra4 Kf6 38. Be2 Rc2) 36. Bf3 Rb5 37. Rxb5 Bxb5 $16 {KB-KB} 38. Kf4 Kf6 39. e5+ Ke6 40. Bg4+ Ke7 41. Bc8 Bc4 42. g4 Kd8 43. Bb7 Ke7 44. g5 hxg5+ 45. Kxg5 Ke6 46. Kf4 Ke7 47. Ke4 Be6 48. Bd5 (48. Bc6 $14) 48... Bc8 ({Better is} 48... Bxd5+ $1 $11 49. Kxd5 Kd7) 49. Kf4 $14 Kf8 50. Bf3 Be6 51. Bg4 (51. Be4 $14) 51... Bb3 (51... Bxg4 $1 $11 52. Kxg4 Ke7) 52. Kg5 {[#] Strongly threatening Kf6.} Kg7 $1 53. Bd7 Bc4 54. Bc6 Be6 55. Kf4 Kf8 56. Ke4 Ke7 57. Bd5 Bc8 58. Kf4 Kf8 $1 59. Bc4 Bh3 60. Bb3 Bc8 61. Bd5 Kg7 62. Kg5 Bd7 63. Bc4 Bc8 64. Kf4 Kf8 65. Bb3 Bh3 66. e6 (66. Kg5 $14 Kg7 67. Bd1) 66... f6 (66... Bxe6 $11 {remains equal.} 67. Bxe6 fxe6) 67. Kg3 Bf5 68. Kf4 Bh3 {Accuracy: White = 66%, Black = 66%.} 1/2-1/2

[Event "Grand Prix Moscow 2019"]
[Site "Moscow"]
[Date "2019.05.21"]
[Round "2.2"]
[White "Wojtaszek, Radoslaw"]
[Black "Svidler, Peter"]
[Result "1-0"]
[WhiteElo "2724"]
[BlackElo "2739"]
[Annotator "TA"]
[PlyCount "83"]
[EventDate "2019.05.17"]
[EventType "k.o."]
[EventCountry "RUS"]
[SourceTitle "playchess.com"]
[Source "ChessBase"]
[SourceQuality "1"]

{[%evp 18,83,29,29,24,26,27,40,41,44,43,44,45,47,36,36,39,52,34,47,56,45,73,25,24,38,42,25,26,10,32,23,29,21,65,65,63,37,51,59,162,120,247,247,302,260,314,298,617,617,593,593,536,535,775,763,740,738,714,678,814,868,868,868,862,862,853,653]} 1. d4 Nf6 2. c4 g6 3. f3 e6 4. e4 c5 5. d5 d6 6. Nc3 Bg7 7. Nge2 O-O 8. Ng3 exd5 9. cxd5 a6 10. a4 h5 {A65: Modern Benoni: 6 e4} (10... Nbd7 11. Be2 Ne8 12. Bf4 Rb8 13. O-O c4 14. Bxc4 Qb6+ 15. Rf2 Bd4 16. Qd2 Ne5 17. Bf1 Bxf2+ 18. Qxf2 Qxf2+ 19. Kxf2 {½-½ (32) Carlsen,M (2835)-Nepomniachtchi,I (2763) Wijk aan Zee 2019}) 11. Bg5 Qe8 12. Bd3 Nh7 {White is slightly better.} 13. Bf4 Qe7 14. Nge2 Nd7 {[%cal Bb8d7,Bd7e5,Be5g4][%mdl 32]} 15. O-O Ne5 16. Bc2 Rb8 17. a5 b5 $146 ({Predecessor:} 17... b6) 18. axb6 $1 Rxb6 19. Bc1 h4 20. f4 Ng4 21. h3 Ngf6 22. Ra2 Bd7 23. Qe1 Nh5 24. Be3 Rfb8 25. b3 Rxb3 26. Bxb3 Rxb3 27. Bd2 Bd4+ 28. Kh2 N7f6 (28... Rb6 $14) 29. Rf3 Rb4 (29... Rb6 $16 {is a better defense.} 30. Be3 Bxe3 31. Rxe3 Ng7 {[%mdl 64] Decoy}) 30. Rxa6 $18 Rc4 31. Ra7 Qd8 32. Qa1 Nxe4 $2 (32... Qe7 33. Be1 Ng3) 33. Ra8 {White is clearly winning.} Bc8 {[#]} 34. Qa6 $1 {[%mdl 576] Double Attack, Pin} Nxd2 (34... Bxa6 35. Rxd8+) 35. Rxc8 Nxf3+ 36. gxf3 Qxc8 37. Qxc8+ Kg7 38. Nxd4 Rxd4 39. Qd8 Rd2+ 40. Kg1 Nxf4 41. Qxd6 Nxh3+ 42. Kf1 {Accuracy: White = 89%, Black = 44%.} 1-0

[Event "Grand Prix Moscow 2019"]
[Site "Moscow"]
[Date "2019.05.21"]
[Round "2.2"]
[White "Dubov, Daniil"]
[Black "Nakamura, Hikaru"]
[Result "1/2-1/2"]
[WhiteElo "2690"]
[BlackElo "2761"]
[Annotator "TA"]
[PlyCount "63"]
[EventDate "2019.05.17"]
[EventType "k.o."]
[EventCountry "RUS"]
[SourceTitle "playchess.com"]
[Source "ChessBase"]
[SourceQuality "1"]

{[%evp 13,63,14,8,3,12,9,9,9,9,9,9,9,9,13,10,9,10,7,8,8,8,8,0,0,0,17,6,8,49,31,29,21,13,15,12,8,36,34,43,8,14,4,5,0,31,23,32,0,8,0,47,0]} 1. d4 ({Predecessor:} 1. Nf3 Nf6 2. c4 e6 3. g3 Be7 4. d4 {½-½ (11) Arnaudov,P (2462)-Buhmann,R (2568) Skopje 2019}) 1... Nf6 2. c4 e6 3. Nf3 d5 4. g3 Be7 5. Bg2 O-O 6. O-O dxc4 7. Qc2 b5 8. a4 {E05: Open Catalan: 5 Nf3 Be7} b4 9. Nbd2 $146 (9. Nfd2 c6 10. Nxc4 Qxd4 11. Rd1 Qc5 12. b3 Ba6 13. Nbd2 Nbd7 14. Bb2 Rad8 15. e3 Qh5 {0-1 (38) Maghsoodloo,P (2688)-Nakamura,H (2746) St Petersburg 2018}) 9... Bb7 10. Nxc4 {The position is equal.} c5 11. dxc5 Be4 12. Qd2 Nbd7 13. Nfe5 {[#] Nxd7 is the strong threat.} Bxg2 14. Kxg2 {Threatening Nc6.} Bxc5 15. Nxd7 Nxd7 16. b3 Nb6 17. Qxd8 Rfxd8 18. Nxb6 Bxb6 19. a5 Bd4 20. Ra4 a6 21. Rxb4 Bc3 22. Rc4 Bxa5 23. b4 Bb6 24. Bf4 h6 25. Rc6 Bd4 26. Bc7 Rd5 27. Rd1 Rc8 28. Rdc1 Bf6 29. Bd6 Rd8 30. Bc7 Rc8 31. Bd6 Rd8 32. Bc7 {Accuracy: White = 63%, Black = 78%.} 1/2-1/2

[Event "Grand Prix Moscow 2019"]
[Site "Moscow"]
[Date "2019.05.22"]
[Round "2.3"]
[White "So, Wesley"]
[Black "Grischuk, Alexander"]
[Result "1/2-1/2"]
[WhiteElo "2754"]
[BlackElo "2772"]
[Annotator "TA"]
[PlyCount "57"]
[EventDate "2019.05.17"]
[EventType "k.o."]
[EventCountry "RUS"]
[SourceTitle "playchess.com"]
[Source "ChessBase"]
[SourceQuality "1"]

{[%evp 25,57,43,56,8,14,24,24,20,53,47,58,48,59,0,0,-73,-47,-82,-75,-114,-50,-210,-210,-201,-204,-152,-197,-172,-164,-136,0,0,0,-108]} 1. e4 c5 2. Nf3 Nc6 3. d4 cxd4 4. Nxd4 Nf6 5. Nc3 e5 6. Ndb5 d6 7. Bg5 a6 8. Na3 b5 9. Bxf6 gxf6 10. Nd5 f5 11. Bd3 Be6 12. O-O Bxd5 13. exd5 Ne7 $1 14. Re1 {B33: Sicilian: Pelikan and Sveshnikov Variations} Bg7 {White must now prevent ...e4.} 15. c3 O-O 16. Nc2 {White has an edge.} f4 (16... Re8 17. Qh5 e4 18. Bf1 Nxd5 19. Qxf5 Re5 20. Qh3 Qb6 21. Rad1 Rae8 22. Rxe4 Rxe4 23. Rxd5 {½-½ (41) Topalov,V (2749)-Mamedov,R (2704) Shamkir 2018}) 17. a4 bxa4 18. Nb4 f5 19. Bxa6 (19. Nc6 $14 Nxc6 20. dxc6) 19... Ng6 $146 ({Predecessor:} 19... e4 20. Bb7 Ra7 21. Nc6 Nxc6 22. dxc6 {½-½ (43) Sogaard,O (2542)-Hebels,A (2455) ICCF email 2006}) 20. Qh5 (20. Rxa4 $11 e4 21. Nc6) 20... Qb6 $1 $17 21. Rxa4 e4 22. Rea1 Kh8 ({Black should try} 22... f3 $1 $17 23. gxf3 Kh8) 23. Bf1 $2 (23. Qe2 $15) 23... Rxa4 $19 24. Rxa4 {[#]} f3 $1 25. Ra6 (25. gxf3 Be5 $17) 25... Qc5 {[%mdl 1024] Threatens to win with ...fxg2. Black has strong compensation.} 26. Rc6 {[#]} (26. gxf3 Be5) 26... Qa7 $1 27. Ra6 (27. gxf3 Qa1) (27. Rxd6 $2 Nf4 $19) 27... Qc5 {Hoping for ...fxg2.} 28. Rc6 $1 {[%cal Rc6c5]} Qa7 29. Ra6 {Accuracy: White = 51%, Black = 76%.} (29. gxf3 Be5 $19) (29. Rxd6 Nf4 $19) 1/2-1/2

[Event "Grand Prix Moscow 2019"]
[Site "Moscow"]
[Date "2019.05.22"]
[Round "2.3"]
[White "Wei, Yi"]
[Black "Nepomniachtchi, Ian"]
[Result "1/2-1/2"]
[WhiteElo "2736"]
[BlackElo "2773"]
[Annotator "TA"]
[PlyCount "139"]
[EventDate "2019.05.17"]
[EventType "k.o."]
[EventCountry "RUS"]
[SourceTitle "playchess.com"]
[Source "ChessBase"]
[SourceQuality "1"]

{[%evp 18,139,0,0,28,24,11,20,26,16,14,27,33,18,22,27,22,23,34,45,20,22,24,23,28,21,21,30,27,30,24,24,27,15,26,28,26,0,0,0,104,100,97,91,105,93,119,94,112,114,104,72,71,22,22,0,69,70,75,27,114,0,26,0,72,80,80,66,60,57,152,29,31,33,11,0,0,0,0,0,0,0,0,0,0,0,0,0,0,0,0,0,0,0,0,0,0,0,0,0,0,0,64,64,64,48,48,51,57,16,16,0,0,0,0,0,0,0,0,0,0,0,0,0]} 1. e4 c5 2. Nf3 d6 3. d4 cxd4 4. Nxd4 Nf6 5. Nc3 a6 6. Bg5 e6 7. f4 Qb6 8. Qd2 Qxb2 9. Rb1 Qa3 10. f5 Be7 {B97: Sicilian Najdorf: Poisoned Pawn} 11. fxe6 Bxe6 12. Nxe6 fxe6 13. Bc4 $1 {[%cal Rc4e6]} Nbd7 {[%cal Bb8d7,Bd7c5,Bc5e4,Be4c3][%mdl 32]} 14. Bxe6 ({Much weaker is} 14. Rxb7 Nc5 $17) 14... Nc5 15. Bf5 {aiming for 0-0.} g6 16. Bh3 {And now Qd4 would win.} (16. O-O gxf5 17. Rxf5 Rf8 18. Bxf6 Bxf6 {½-½ (30) Wen,Y (2596)-Li,C (2725) Hangzhou 2018}) 16... Nfxe4 $146 ({Predecessor:} 16... Ncxe4 17. Nxe4 {½-½ (30) Ovcharenko,L (2215)-Guberna,A (2366) ICCF email 2015}) 17. Nxe4 Nxe4 18. Qd4 Qc3+ 19. Qxc3 Nxc3 {[#]} 20. Bxe7 $3 {[%mdl 512]} Kxe7 21. Rb3 Ne4 22. Rxb7+ Kf6 23. O-O+ Kg5 24. g3 Rab8 25. Ra7 Rb2 26. Bg2 $36 {[%mdl 2048] Black is under pressure.} d5 27. h4+ Kg4 $1 28. Kh2 $1 Nxg3 (28... Rxc2 $11 {keeps the balance.} 29. Rf4+ Kh5) 29. Bh3+ $16 Kxh4 30. Rf4+ Kg5 31. Kxg3 Rxa2 32. Rg4+ Kh6 {[#]} 33. Rc7 $1 Ra3+ 34. c3 Re8 35. Rh4+ Kg5 36. Rg4+ Kh6 $1 37. Kf3 Re1 38. Rh4+ Kg5 39. Rg4+ ({Don't play} 39. Rcxh7 $6 Rxc3+ 40. Kg2 Re2+ 41. Kf1 Ra2 $11) ({White should try} 39. Rd4 $16) 39... Kh6 $1 $11 40. Rh4+ Kg5 41. Rd4 (41. Rcxh7 Rxc3+ 42. Kf2 Rb1 $11) 41... Re5 42. Rc5 ({Reject} 42. Rxh7 Rxc3+ 43. Kg2 Rc2+ 44. Kg1 Rc1+ 45. Kg2 Rc2+ 46. Kf3 Rc3+ 47. Kg2 Rc2+ $11) 42... h5 43. Bd7 h4 (43... a5 $14) 44. Bc6 (44. Rg4+ $16 Kh5 45. Rc8) 44... Rf5+ 45. Ke3 h3 46. Rdxd5 h2 47. Rxf5+ gxf5 {[%mdl 4096] Endgame KRB-KR} 48. Be4 Kh4 49. Bf3 Kg3 50. Rc8 f4+ 51. Ke4 Ra4+ $1 52. c4 Ra3 {Strongly threatening ...Re3+.} 53. Rg8+ Kh4 54. Rh8+ Kg3 {Threatens to win with ...Re3+.} 55. Rg8+ Kh4 {Hoping for ...Re3+.} 56. Bh1 Ra1 57. Rh8+ Kg3 58. Rg8+ Kh4 59. Bg2 Ra2 (59... Rc1 $11) 60. Kf3 $14 Rc2 61. Rg4+ Kh5 62. Rxf4 Rc1 63. Ke3 Kg5 {The position is equal.} 64. Re4 Rg1 65. Kf3 Rf1+ 66. Ke2 Rg1 67. Kf2 h1=Q 68. Bxh1 Rxh1 69. Re5+ Kf6 70. Ra5 {Accuracy: White = 67%, Black = 70%.} 1/2-1/2

[Event "Grand Prix Moscow 2019"]
[Site "Moscow"]
[Date "2019.05.22"]
[Round "2.3"]
[White "Dubov, Daniil"]
[Black "Nakamura, Hikaru"]
[Result "0-1"]
[WhiteElo "2690"]
[BlackElo "2761"]
[Annotator "TA"]
[PlyCount "158"]
[EventDate "2019.05.17"]
[EventType "k.o."]
[EventCountry "RUS"]
[SourceTitle "playchess.com"]
[Source "ChessBase"]
[SourceQuality "1"]

{[%evp 19,158,-4,6,7,14,6,14,3,11,12,14,0,9,0,0,5,12,0,0,0,0,0,0,0,0,0,0,-27,-18,-19,-19,-10,-3,-16,0,0,0,-15,-20,-18,-20,-27,-11,-11,-8,-12,-3,-50,-52,-118,-119,-137,-137,-137,-137,-137,-132,-168,-129,-139,-139,-139,-137,-137,-129,-139,-139,-139,-132,-143,-143,-140,-128,-131,-128,-139,-132,-139,-142,-165,-165,-165,-165,-165,-104,-141,0,-165,-164,-164,-165,-183,-183,-183,-183,-216,-216,-209,-209,-190,-110,-162,-72,-70,-63,-63,-66,-87,-90,-87,-87,-119,-119,-119,-119,-111,-65,-73,-70,-178,-178,-178,-178,-178,-178,-178,-178,-405,-405,-391,-354,-2401,-2379,-1636,-391,-708,-391,-29986,-29974,-29986,-29970]} 1. c4 e5 2. Nc3 Nf6 3. Nf3 Nc6 4. g3 d5 5. cxd5 Nxd5 6. Bg2 Nb6 7. O-O Be7 8. b3 O-O 9. Bb2 Re8 10. Rc1 Bf8 11. d3 {A29: English Opening: Four Knights Variation with 4 g3} Nd4 (11... Bg4 12. h3 Bh5 13. Ne4 Nd4 14. Nxd4 exd4 15. g4 Bg6 16. Nc5 Bxc5 17. Rxc5 c6 18. Qd2 Qe7 19. Rc2 Rad8 20. Qf4 Qd6 21. Qxd6 Rxd6 {½-½ (67) Topalov,V (2749)-Vachier Lagrave,M (2796) Paris 2017}) 12. e3 Nxf3+ 13. Qxf3 {The position is equal.} c6 14. Rfd1 Qg5 {aiming for ...Bg4.} 15. h4 $146 ({Predecessor:} 15. Qe2 Bg4 16. f3 Be6 17. Ne4 {1-0 (60) Eidinger,H (2164)-Al Saleh,M (1968) Germany 2006}) 15... Qg4 16. Ne4 Qxf3 17. Bxf3 a5 18. Nc5 a4 19. d4 axb3 20. axb3 Ra2 21. Bc3 Nd5 22. Bxd5 cxd5 23. Nd3 Bg4 24. Rd2 Rxd2 25. Bxd2 exd4 26. exd4 Bf5 27. Nc5 Re2 28. Be3 Rb2 29. Nxb7 Rxb3 30. Nc5 Rb4 31. Ra1 f6 32. Ra8 Kf7 33. Rd8 Be7 34. Rxd5 (34. Rh8 $15) 34... Bc8 $17 35. Kf1 Rb5 36. Ke2 Be6 $1 {[%cal Re6d5]} 37. Nxe6 Rxd5 {[%mdl 4096] Endgame KRB-KBN} 38. Nc5 f5 39. Nd3 Bd6 40. Kf3 Bc7 41. Nf4 Ra5 42. Ne2 Ra3 43. Nf4 Rb3 44. Nd5 Bb8 45. Nf4 Ba7 46. Ke2 Ra3 47. Nd3 Ke6 48. Nf4+ Kd6 49. Nh5 g6 50. Nf4 Bb6 51. Kd2 Kc6 (51... Bd8 $19 52. Kc2 Ba5) 52. Ke2 Kd6 53. Kd2 $1 Bd8 54. Ke2 Bf6 55. Kd2 Kc6 56. Ke2 Kb5 57. h5 g5 58. Nd5 Bd8 $1 {...Kc4 is the strong threat.} 59. Bd2 Ra7 ({Better is} 59... Kc6 $19 60. Nb4+ Kd6) 60. Kd3 (60. f4 $17 {might work better.}) 60... Rd7 (60... Ra1 $19 {and Black stays clearly on top.} 61. Ke2 Kc6) 61. Ne3 Rf7 62. Nc4 {Strongly threatening Nd6+.} Rf8 63. Ne5 Be7 64. f3 Ra8 65. Nf7 Ra3+ 66. Ke2 Kc4 67. Bxg5 Bb4 68. Ne5+ Kd5 $1 {[%mdl 1024] Black has strong compensation.} ({But not} 68... Kxd4 $2 69. Nc6+ Kc4 70. Nxb4 $18) 69. Nd3 {[#]} (69. g4 $15) 69... Ra2+ $1 $19 70. Kf1 Bd2 {Hoping for ...Ra1+.} 71. Bf6 {[#]} Kc4 $1 {[%cal Rc4d3]} 72. Ne5+ Kxd4 73. g4 $2 (73. Nf7+ {was necessary.} Kd5 74. Bg5) 73... Bf4 74. Ng6+ Ke3 75. Nh4 $2 (75. Nxf4 Kxf4 76. gxf5) 75... fxg4 76. fxg4 h6 $2 (76... Rf2+ 77. Kg1 Bh2+ {[%mdl 64] Discovered Attack} 78. Kh1 Bc7 79. Bg5+ Ke2) 77. Kg1 $2 (77. Ng2+ Kf3 78. Nxf4 Kxf4 79. Bh8) 77... Bh2+ 78. Kf1 $2 (78. Kh1 $19 Bf4 79. Kg1) 78... Rf2+ {[%mdl 64] Double Attack} 79. Ke1 Rxf6 {Accuracy: White = 48%, Black = 67%.} 0-1